|
|
|
|
| LEADER |
02295nam a2200577 i 4500 |
| 001 |
nkc20162843567 |
| 003 |
CZ PrNK |
| 005 |
20161220135250.0 |
| 007 |
ta |
| 008 |
161026s2016 xr a e 001 0 cze |
| 015 |
|
|
|a cnb002843567
|
| 020 |
|
|
|a 978-80-7529-212-4
|q (vázáno)
|
| 035 |
|
|
|a (OCoLC)970636203
|
| 040 |
|
|
|a BOA001
|b cze
|d ABA001
|e rda
|
| 041 |
1 |
|
|a cze
|h eng
|
| 072 |
|
7 |
|a 623
|x Vojenská technika
|2 Konspekt
|9 19
|
| 080 |
|
|
|a 623.746.3/.4
|2 MRF
|
| 080 |
|
|
|a 629.7(091)
|2 MRF
|
| 080 |
|
|
|a 355.4(091)
|2 MRF
|
| 080 |
|
|
|a (048.8)
|2 MRF
|
| 080 |
|
|
|a (084.11)
|2 MRF
|
| 100 |
1 |
|
|a De Fabianis Manferto, Marco
|7 mzk2016932729
|4 ill
|
| 240 |
1 |
0 |
|a Combat aircraft.
|l Česky
|
| 245 |
1 |
0 |
|a Bojová letadla :
|b nejproslulejší letouny v historii vojenského letectva /
|c ve vyobrazeních Marka de Fabianis Manferta ; a textech Riccarda Niccoliho ; z anglického originálu Combat aircraft - the most famous models in history ... přeložil František Novotný
|
| 250 |
|
|
|a Vydání první
|
| 264 |
|
1 |
|a [Praha] :
|b Slovart,
|c 2016
|
| 300 |
|
|
|a 40 stran, 171 rozkládacích stran :
|b ilustrace (převážně barevné) ;
|c 31 cm
|
| 336 |
|
|
|a text
|b txt
|2 rdacontent
|
| 336 |
|
|
|a statický obraz
|b sti
|2 rdacontent
|
| 337 |
|
|
|a bez média
|b n
|2 rdamedia
|
| 338 |
|
|
|a svazek
|b nc
|2 rdacarrier
|
| 500 |
|
|
|a Publikace rozdělena do 2 svazků v pevných deskách
|
| 500 |
|
|
|a Obsahuje rejstřík
|
| 650 |
0 |
7 |
|a bojová letadla
|7 ph369332
|2 czenas
|
| 650 |
0 |
7 |
|a dějiny letectví
|7 ph488979
|2 czenas
|
| 650 |
0 |
7 |
|a vojenské dějiny
|7 ph269104
|2 czenas
|
| 650 |
0 |
9 |
|a attack planes
|2 eczenas
|
| 650 |
0 |
9 |
|a history of aviation
|2 eczenas
|
| 650 |
0 |
9 |
|a military history
|2 eczenas
|
| 655 |
|
7 |
|a přehledy
|7 fd133202
|2 czenas
|
| 655 |
|
7 |
|a obrazové publikace
|7 fd132947
|2 czenas
|
| 655 |
|
9 |
|a surveys
|2 eczenas
|
| 655 |
|
9 |
|a pictorial works
|2 eczenas
|
| 700 |
1 |
|
|a Niccoli, Riccardo
|7 jn20020722132
|4 aut
|
| 700 |
1 |
|
|a Novotný, František,
|d 1944 březen 15.-
|7 jo2002106771
|4 trl
|
| 910 |
2 |
|
|a BOA001
|b 4-1377.032
|
| 990 |
|
|
|a BK
|
| 995 |
|
|
|a 01
|
| 991 |
|
|
|b 201611
|c NOV
|
| 996 |
6 |
|
|b 2610687193
|c 4-1377.032
|l MZK
|r Sklad / do 1 hodiny
|n 4
|p p.v.
|w 001586062
|u 000010
|a 1
|e BOA001
|j MZK50
|s P
|
| 996 |
6 |
|
|b 2610688694
|c 4-1377.032
|l MZK
|r STM 6p
|n 0
|p kup
|h 623.7 DEF
|w 001586062
|u 000020
|a 0
|e BOA001
|j MZK50
|s P
|